logo

Bir Sreshtho Munshi Abdur Rouf Library
Jhenaidah Cadet College

সমুদ্রের স্বাদ / (Record no. 1389)

MARC details
000 -LEADER
fixed length control field 00873nam a22002417a 4500
001 - CONTROL NUMBER
JCCL Control Number 1389
003 - CONTROL NUMBER IDENTIFIER
JCCL marc code BD-JhCC
005 - DATE AND TIME OF LATEST TRANSACTION
control field 20230202134024.0
008 - FIXED-LENGTH DATA ELEMENTS--GENERAL INFORMATION
fixed length control field 171018s2005 bg |||| |||| 000 0 ben d
020 ## - INTERNATIONAL STANDARD BOOK NUMBER
International Standard Book Number 984410453X
035 ## - SYSTEM CONTROL NUMBER
system control number (BD-JhCC)1389
040 ## - CATALOGING SOURCE
Original cataloging agency BD-JhCC
Modifying agency BD-JhCC
041 ## - LANGUAGE CODE
Language code of Book ben
082 ## - DEWEY DECIMAL CLASSIFICATION NUMBER
Classification number 813.52
Author mark and Year LON 2005
100 ## - MAIN ENTRY--PERSONAL NAME
Personal name লন্ডন, জ্যাক
245 ## - TITLE STATEMENT
Title সমুদ্রের স্বাদ /
Statement of responsibility, etc জ্যাক লন্ডন; কবীর চৌধুরী(অনুবাদ)
260 ## - PUBLICATION, DISTRIBUTION, ETC. (IMPRINT)
Place of publication, distribution, etc ঢাকা :
Name of publisher, distributor, etc মাওলা ব্রাদার্স,
-- জাতীয় মুদ্রণ,
Date of publication, distribution, etc ২০০৫.
-- 1981.
300 ## - PHYSICAL DESCRIPTION
Pagination ২৬২ পৃ. :
-- 348 p. :
Dimensions ২২ সেমি.
-- 23 cm.
650 ## - SUBJECT ADDED ENTRY--TOPICAL TERM
Topical term or geographic name as entry element Scalers (Persons)
700 ## - ADDED ENTRY--PERSONAL NAME
Personal name চৌধুরী, কবীর
942 ## - ADDED ENTRY ELEMENTS (KOHA)
Source of classification or shelving scheme Dewey Decimal Classification
Koha item type Books
Koha issues (borrowed), all copies 3
Holdings
Source of classification or shelving scheme Damaged status Not for loan Home library Current library Shelving location Date of accession Source of acquisition Cost, normal purchase price Total Checkouts Full call number Barcode Date last seen Date checked out Copy number Koha item type Method of acquisition Currency
Dewey Decimal Classification     JCC Rouf Library JCC Rouf Library General Stacks 10/18/2017 Purchase 175.00 1 813.52 LON 2005 2497 03/16/2023 02/01/2023 C-1 Books    
Dewey Decimal Classification     JCC Rouf Library JCC Rouf Library General Stacks 11/05/2017   22.00   813.52 LON 2005 4325 11/05/2017   C- 2 Books    
Dewey Decimal Classification     JCC Rouf Library JCC Rouf Library General Stacks 11/06/2017       813.52 LON 2005 4485 11/06/2017   c-3 Books    
Dewey Decimal Classification     JCC Rouf Library JCC Rouf Library General Stacks 11/06/2017   22.00   813.52 LON 2005 4461 11/06/2017   C-4 Books    
Dewey Decimal Classification     JCC Rouf Library JCC Rouf Library General Stacks 11/15/2017   175.00 3 813.52 LON 2005 3945 06/19/2023 10/23/2022 C-1 Books Purchase  

JCC Library | Contacts | JCC Home

Last Update on 23 September 2017
Copyright @ 2017-2020 JCC Rouf Library
Rouf Library, Jhenidah Cadet College (JCC), Bangladesh